| 000 | 00582nam a2200133Ia 4500 | ||
|---|---|---|---|
| 008 | 171212s9999 xx 000 0 und d | ||
| 020 | _a9780823272129 | ||
| 100 | _aDavis, Robert Glenn | ||
| 245 |
_cDavis, Robert Glenn _aThe Weight of Love _bAffect, Ecstasy, and Union in the Theology of Bonaventure |
||
| 260 |
_bFordham University Press _c2017 |
||
| 650 | _aBonaventure, Saint, Cardinal, approximately 1217–1274; Love -- Religious aspects -- Christianity -- History of doctrines -- Middle Ages, 600–1500 | ||
| 650 | _aReligion | ||
| 856 | _uhttp://jstor.org/stable/j.ctt1gn6b7k | ||
| 999 |
_c351487 _d351487 |
||